000 00762nam a22002537a 4500
999 _c7851
_d7851
003 AR-CdUCM
008 190321b ||||| |||| 00| 0 spa d
020 _a9972-9172-1-5
040 _aMUNICIPALIDAD PROVINCIAL DEL CUSCO
_cBIBLIOTECA MUNICIPAL DEL CUSCO
041 _heng
082 _a598 /
_bC32
100 _aCassinelli del Sante, Gino
_922137
245 _aBirds of Machu Picchu /
260 _aLima :
_bLettera Grafica,
_c2007.
300 _a115 paginas ;
_bIlustraciones, graficos,
_c20 cm.
500 _aLibro completamente en ingles
505 _aContenido:Especies de Aves
650 _aAves
_92630
650 _aMachupicchu
_91751
650 _aZootecnia
_95913
700 _aCasalino, Flavio
_922204
942 _2ddc
_cLIBROS
945 _apjha